Compendio de derecho internacional /

Guardado en:
Otros Autores: Font, Matías Alan.
Formato: Libro
Idioma:Spanish
Publicado: Ciudad Autónoma de Buenos Aires : Estudio, 2016.
Edición:1a. ed.
Series:Compendios de Legislación
Materias:
Etiquetas: Agregar Etiqueta
Sin Etiquetas, Sea el primero en etiquetar este registro!
LEADER 00661nam a22001815a 4500
001 DER.der014396
008 191108s2016####ag#||||||||||||||#||spa||
005 20241029103933.0
245 1 0 |a Compendio de derecho internacional /  |c Matías Alan Font. 
250 |a 1a. ed. 
260 |a Ciudad Autónoma de Buenos Aires :  |b Estudio,  |c 2016. 
300 |a 1152 p. 
490 0 |a Compendios de Legislación 
501 |a Opiniones consultivas. Doctrina de fallos internacionales. Gráficos y guía sobre organismos internacionales. 
020 |a 9789508975065 
700 1 |a Font, Matías Alan. 
650 7 |a DERECHO INTERNACIONAL PUBLICO 
859 |a DERECHO  |b BIB. DERECHO  |h 341  |i COM  |p 009669